| 000 | 00925nam a22003137a 4500 | ||
|---|---|---|---|
| 001 | BR0404645 | ||
| 003 | BR-BrBNA | ||
| 005 | 20230928101727.0 | ||
| 007 | ta | ||
| 008 | 230509b bl.||||| |||| 00| 0 por d | ||
| 040 |
_aBR-BrBNA _bpor _cBiblioteca Nacional de Agricultura |
||
| 041 | _a(Por) | ||
| 072 | _aH01; C20 | ||
| 090 | _ H01 BR0404645 | ||
| 110 | 1 |
_aGoverno do Estado de Pernambuco, Recife (Brasil). Secretaria de Agricultura _95302 |
|
| 245 | 1 |
_aUso seguro e correto de agrotóxicos _bSérie: Defesa Agropecuária de Pernambuco, ano II no. 03/98 |
|
| 260 | 3 |
_aRecife, PE (Brasil): _c1998. |
|
| 300 | _a26 p. | ||
| 500 | _a15 illus. | ||
| 650 | _aAGROTÓXICO | ||
| 650 | _aEXTENSÃO RURAL | ||
| 650 | _aTRABALHADOR RURAL | ||
| 650 | _aVENENO | ||
| 650 | _aCONTROLE QUÍMICO | ||
| 650 | _aINTOXICAÇÃO | ||
| 650 | _aSEGURANÇA NO TRABALHO | ||
| 909 |
_a202309 _bLucia _c55 _dLucia Elande |
||
| 942 | _cBK | ||
| 999 |
_c67285 _d67285 |
||